Enrique Marty (Record no. 13333)

MARC details
000 - LÍDER
campo de control de longitud fija 00990nam a2200241Ia 4500
008 - ELEMENTOS DE DATOS DE LONGITUD FIJA - INFORMACIÓN GENERAL
campo de control de longitud fija 0000002002 sp ad 0000000000mul00
090 ## - NÚMERO DE LLAMADA DE TIPO LC LOCALMENTE ASIGNADO (OCLC)
Número de clasificación (OCLC) (R) PSP00 B61e
100 1# - ENTRADA PRINCIPAL - NOMBRE PERSONAL
Nombre de la persona Boada Bravo, José
245 10 - TÍTULO DECLARACIÓN
Título Enrique Marty
Resto del título : empty rooms (acuarelas)
Declaración de responsabilidad / textos José Boada Bravo y Rafael Doctor Roncero ; comisario Antonio Latorre ; fotografías Gonzalo Bullón
260 ## - PUBLICACIÓN, DISTRIBUCIÓN
Lugar de publicación [Madrid] : Pelayo Mutua de Seguros
Fecha de publicación 2002
300 ## - DESCRIPCIÓN FÍSICA
Alcance [48] p.
Dimensiones / 26 cm.
500 ## - NOTA GENERAL
Nota general Incluye cronología del artista \ Texto bilingue: español ingles
501 ## - Con nota
Con nota Enrique Marty y mucho más que la familia
505 ## - NOTA DE CONTENIDO FORMATEADA
Nota sobre el contenido formateado De la serie Empty rooms
600 00 - ENTRADA DE SUJETO AÑADIDO - NOMBRE PERSONAL
Nombre de la persona MARTY, ENRIQUE, 1969/
Subdivisión general TRABAJOS PICTORICOS
650 14 - ENTRADA DE SUJETO AÑADIDO - TÉRMINO TÓPICO
Término tópico o elemento de entrada del nombre geográfico ACUARELA ESPAÑOLA
650 14 - ENTRADA DE SUJETO AÑADIDO - TÉRMINO TÓPICO
Término tópico o elemento de entrada del nombre geográfico ARTE CONTEMPORANEO ESPAÑOL
650 14 - ENTRADA DE SUJETO AÑADIDO - TÉRMINO TÓPICO
Término tópico o elemento de entrada del nombre geográfico ARTISTAS PLASTICOS ESPAÑOLES
650 14 - ENTRADA DE SUJETO AÑADIDO - TÉRMINO TÓPICO
Subdivisión general CATALOGOS
650 14 - ENTRADA DE SUJETO AÑADIDO - TÉRMINO TÓPICO
Término tópico o elemento de entrada del nombre geográfico PINTORES ESPAÑOLES
650 14 - ENTRADA DE SUJETO AÑADIDO - TÉRMINO TÓPICO
Término tópico o elemento de entrada del nombre geográfico PINTURA ESPAÑOLA
700 1# - ENTRADA AGREGADA - NOMBRE PERSONAL
Nombre de la persona Doctor Roncero, Rafael \ Latorre, Antonio \ Bullón, Gonzalo
Holdings
Estado de retirada Pérdida de estatus Estado dañado No para préstamo Código de recogida Ubicación permanente Ubicación actual Ubicación de las estanterías Fecha de adquisición Número de llamada completo Código de barras Fecha de la última vez que se vio Número de copia Precio efectivo desde Tipo de artículo Koha
        General ArtNexus ArtNexus General 06/09/2022 P-SP-00 B61E 13500 06/09/2022 Ej.1 06/09/2022 Libro

Powered by Koha